Взгляды, идеи, раздумья: Сборник публистических и научно-популярных статей

Podrobná bibliografie
Hlavní autor: Нейфах Александр Александрович
Jazyk:ruština
Vydáno: Москва, Наука, 2001
Témata:
Médium: Kniha
KOHA link:https://koha.lib.tpu.ru/cgi-bin/koha/opac-detail.pl?biblionumber=27707

MARC

LEADER 00000nam0a2200000 4500
001 27707
005 20231030202319.0
010 |a 5020052086 
035 |a (RuTPU)RU\TPU\book\27960 
035 |a BOOK00028035 
090 |a 27707 
100 |a 20011209d2001 k y0rusy50 ca 
101 0 |a rus 
102 |a RU 
105 |a ao 000|y 
200 1 |a Взгляды, идеи, раздумья  |e Сборник публистических и научно-популярных статей  |f А. А. Нейфах 
210 |a Москва  |c Наука  |d 2001 
215 |a 118 с.  |c ил. 
610 1 |a биология 
610 1 |a биохимия 
610 1 |a человек 
610 1 |a жизнь 
610 1 |a этика 
675 |a 577  |v 3 
700 1 |a Нейфах  |g Александр Александрович 
801 0 |a RU  |b 63413507  |c 20011209  |g PSBO 
942 |c BK